[Event "Uni De Paula Santander op 4th"]
[Site "Ocana"]
[Date "2019.08.25"]
[Round "6"]
[White "Sandoval, Cesar Leonardo"]
[Black "Rodriguez Mogollon, Teresa"]
[Result "1/2-1/2"]
[WhiteElo "1590"]
[BlackElo "1476"]
[PlyCount "43"]
[EventDate "2019.08.23"]
[EventType "swiss"]
[EventRounds "7"]
[EventCountry "COL"]
[SourceTitle "EXT 2020"]
[Source "ChessBase"]
[SourceDate "2019.10.17"]
[SourceVersion "1"]
[SourceVersionDate "2019.10.17"]
[SourceQuality "1"]

1. d4 d5 2. c4 e6 3. Nf3 Nf6 4. g3 c5 5. cxd5 exd5 6. Bg2 cxd4 7. Nxd4 Nc6 8. Nc3 Bc5 9. Nb3 Bb6 10. Nxd5 Nxd5 11. Qxd5 Qxd5 12. Bxd5 Nb4 13. Be4 0-0 14. a3 Re8 15. Bxh7+ Kxh7 16. axb4 Bg4 17. e3 Rac8 18. Bd2 Rc2 19. Bc3 Bxe3 20. 0-0 Bb6 21. Nd4 Bxd4 22. Bxd4 1/2-1/2

[Event "Ocana op 1st"]
[Site "Ocana"]
[Date "2015.09.26"]
[Round "3"]
[White "Franco Perez, William"]
[Black "Rodriguez Mogollon, Teresa"]
[Result "0-1"]
[WhiteElo "1737"]
[BlackElo "1586"]
[PlyCount "52"]
[EventDate "2015.09.25"]
[EventType "swiss"]
[EventRounds "7"]
[EventCountry "COL"]
[SourceTitle "EXT 2016"]
[Source "ChessBase"]
[SourceDate "2015.10.08"]
[SourceVersion "1"]
[SourceVersionDate "2015.10.08"]
[SourceQuality "1"]

1. c4 e5 2. Nc3 Nf6 3. Nf3 Nc6 4. d4 exd4 5. Nxd4 Nxd4 6. Qxd4 b6 7. e4 Bc5 8. Qd3 Ng4 9. Be3 Nxe3 10. fxe3 0-0 11. 0-0-0 Qg5 12. Re1 a5 13. h4 Qg3 14. Re2 Rd8 15. Rh3 Qg6 16. Nd5 c6 17. Nf4 Qf6 18. h5 d5 19. Rh1 dxc4 20. Qxc4 Ba6 21. Qb3 Bxe2 22. Bxe2 a4 23. Qc4 Bxe3+ 24. Kb1 Bxf4 25. Rf1 b5 26. Qc2 Qd6 0-1

[Event "Ocana op 1st"]
[Site "Ocana"]
[Date "2015.09.26"]
[Round "5"]
[White "Perez, Luis"]
[Black "Rodriguez Mogollon, Teresa"]
[Result "0-1"]
[WhiteElo "2092"]
[BlackElo "1586"]
[PlyCount "60"]
[EventDate "2015.09.25"]
[EventType "swiss"]
[EventRounds "7"]
[EventCountry "COL"]
[SourceTitle "EXT 2016"]
[Source "ChessBase"]
[SourceDate "2015.10.08"]
[SourceVersion "1"]
[SourceVersionDate "2015.10.08"]
[SourceQuality "1"]

1. e4 e5 2. Nc3 Nc6 3. Nf3 Nf6 4. Bc4 Bc5 5. 0-0 d6 6. h3 Be6 7. d3 Bxc4 8. dxc4 0-0 9. Bg5 h6 10. Bh4 a6 11. Nd5 g5 12. Bg3 Nxe4 13. Qe2 Nxg3 14. Qd3 Nxf1 15. Kxf1 Nb4 16. Nxb4 Bxb4 17. Qe4 c6 18. Rd1 Qf6 19. a3 Bc5 20. b4 Ba7 21. c3 Qe6 22. Rb1 f5 23. Qe2 g4 24. hxg4 fxg4 25. Nd4 Qd7 26. g3 exd4 27. c5 dxc5 28. bxc5 Bxc5 29. Qc4+ Qf7 30. Rxb7 Qxc4+ 0-1

[Event "COL-ch disabled (Women) 2nd"]
[Site "Cali"]
[Date "2008.10.26"]
[Round "3.1"]
[White "Puerto Reyes, Ruth Maribel"]
[Black "Rodriguez Mogollon, Teresa"]
[Result "1-0"]
[WhiteElo "1600"]
[BlackElo "1637"]
[PlyCount "65"]
[EventDate "2008.10.25"]
[EventType "swiss"]
[EventRounds "6"]
[EventCountry "COL"]
[SourceTitle "EXT 2024"]
[Source "ChessBase"]
[SourceDate "2023.10.10"]
[SourceVersion "1"]
[SourceVersionDate "2023.10.10"]
[SourceQuality "1"]

1. e4 e5 2. Nf3 Nc6 3. Nc3 Nf6 4. Bc4 Bc5 5. Ng5 0-0 6. d3 h6 7. Nf3 Na5 8. Nxe5 d6 9. Nf3 Nxc4 10. dxc4 Ng4 11. Be3 Bb4 12. h3 Nxe3 13. fxe3 Re8 14. Qd3 Re7 15. 0-0-0 a5 16. Nd5 Re6 17. e5 c6 18. Nf4 Re8 19. Rhf1 a4 20. Nh5 a3 21. b3 Qb6 22. Qe4 Bf5 23. Qxf5 Qxe3+ 24. Nd2 Rf8 25. Nxg7 Qc3 26. Rde1 Qa1+ 27. Nb1 Qb2+ 28. Kd1 Qxb1+ 29. Ke2 Bxe1 30. Rxe1 Qxa2 31. Nh5 Rfe8 32. Qg4+ Kh8 33. Qg7# 1-0

[Event "COL-ch disabled (Women) 2nd"]
[Site "Cali"]
[Date "2008.10.25"]
[Round "1.1"]
[White "Aguirre, Anabeiba"]
[Black "Rodriguez Mogollon, Teresa"]
[Result "1-0"]
[WhiteElo "1625"]
[BlackElo "1637"]
[PlyCount "26"]
[EventDate "2008.10.25"]
[EventType "swiss"]
[EventRounds "6"]
[EventCountry "COL"]
[SourceTitle "EXT 2024"]
[Source "ChessBase"]
[SourceDate "2023.10.10"]
[SourceVersion "1"]
[SourceVersionDate "2023.10.10"]
[SourceQuality "1"]

1. e4 e5 2. Nf3 Nc6 3. Bc4 Nf6 4. d3 Bc5 5. c3 Ng4 6. d4 exd4 7. cxd4 Bxd4 8. 0-0 d5 9. Bxd5 Qxd5 10. Bd2 0-0 11. Na3 Bb6 12. Bc3 Be6 13. Re1 Qc5 1-0